• 首页
  • 本馆介绍
  • 公告通知
  • 最新文献
  • 馆藏检索
  • 电子资源
  • 读者导购
  • 参考咨询
  • 我的图书馆
  • 登录
  • 详细信息显示
  • 放入我的书架
  • 预约/预借图书
  • 作者相关作品
  • 分类相关作品
  • 丛书相关作品
  • 出版社相关作品

书目信息

  • 表格格式
  • 工作单格式
  • 卡片格式
题名:
准一维有机超导体
    
 
作者: 张威 , 卡洛斯·萨德梅洛 编著
分册:  
出版信息: 北京   北京大学出版社  2014.12
页数: 287页
开本: 23cm
丛书名: 中外物理学精品书系
单 册:
中图分类: O511
科图分类:
主题词: 有机超导体--英文--研究
电子资源:
ISBN: 978-7-301-25138-6
000 01071nam0 2200289 450
001 3340
001 01CN10647448@CSLN
005 20160926083738.85
010    @a978-7-301-25138-6@b平装@dCNY90.00
100    @a20150106d2015 em y0chiy50 ea
101 0  @aeng
102    @aCN@b110000
105    @aak z 000yy
200 1  @a准一维有机超导体@9zhun yi wei you ji chao dao ti@f张威,(美)卡洛斯·萨德梅洛编著
210    @a北京@c北京大学出版社@d2014.12
215    @a287页@d23cm
225 2  @a中外物理学精品书系@9zhong wai wu li xue jing pin shu xi
300    @a一般读者
330    @a本书将介绍准一维有机超导体的最新研究进展。包括的内容有历史介绍,Bechgaard salt系列材料的晶体结构和基本相图,自旋密度波和超导相的性质,简单理论框架,近期理论进展以及尚未解决的问题。
333    @a凝聚态物理专业
461  0 @12001 @a中外物理学精品书系
606 0  @a有机超导体@x英文@x研究
690    @aO511@v4
701  0 @a张威@9zhang wei@4编著
701  0 @c(美)@a卡洛斯·萨德梅洛@9ka luo si sa de mei luo@4编著
801  0 @aCN@b唐山师范学院图书馆@c20151001
905    @aZUCC@dO511@e17
    
    准一维有机超导体/张威,(美)卡洛斯·萨德梅洛编著.-北京:北京大学出版社,2014.12
    287页;23cm.-(中外物理学精品书系)
    一般读者.-使用对象:凝聚态物理专业
    
    ISBN 978-7-301-25138-6(平装):CNY90.00
    本书将介绍准一维有机超导体的最新研究进展。包括的内容有历史介绍,Bechgaard salt系列材料的晶体结构和基本相图,自旋密度波和超导相的性质,简单理论框架,近期理论进展以及尚未解决的问题。
●
相关链接 在E读中查询图书 在五车中查询图书 在当当中查询图书 在豆瓣中查询图书


正题名:准一维有机超导体     索取号:O511/17         预约/预借

序号 登录号 条形码 馆藏地/架位号 状态 备注
1 904344   209043444   第二样本阅览室/ [索取号:O511/17] 在馆    
2 904345   209043453   第三借阅区/ [索取号:O511/17] 在馆    
3 904346   209043462   第三借阅区/ [索取号:O511/17] 在馆    
4 904347   209043471   第三借阅区/ [索取号:O511/17] 在馆    
5 904348   209043480   密集书库-物理学院/ [索取号:O511/17] 在馆    
唐山师范学院图书馆 欢迎您!
大连网信软件有限公司© 版权所有